000 01231nam a2200241 i 4500
001 bg
245 0 0 _aEkonomiczne problemy transformacji sektorowej gospodarki /
_c[red. nauk. Jan Szczygielski].
246 1 1 _aProblems of transformation in sectors of economy
260 _aWrocław :
_bOficyna Wydawnicza PW,
_c1997.
300 _a139, [2] s. :
_b1 mapa, wykr. ;
_c24 cm.
490 1 _aPrace Naukowe Instytutu Nauk Ekonomiczno-Społecznych Politechniki Wrocławskiej. Studia i Materiały =
_aScientific Papers of the Institute of Economic and Social Sciences of the Wrocław University of Technology. Studies and Research,
_x0239-3212 ;
_v20
500 _aTyt. równol. : Problems of transformation in sectors of economy. - Numeracja w serii gł. : 55.
504 _aBibliogr. przy pracach.
651 9 _aPolska
_xgospodarka
_yod 1989 r.
700 1 _aSZCZYGIELSKI, Jan.
_erd
710 0 _aPOLITECHNIKA WROCŁAWSKA (Wrocław)
_bInstytut Nauk Ekonomiczno-Społecznych
830 0 _aPrace Naukowe Instytutu Nauk Ekonomiczno-Społecznych Politechniki Wrocławskiej.
_pStudia i Materiały ;
_v20
040 _cBPK
041 0 _apl
080 _a338.22(438)"1989/..."
942 _cKS
008 s pl f |000 0 pol
999 _c33174
_d33174
856 _uhttp://koha.tu.koszalin.pl/cgi-bin/koha/opac-detail.pl?biblionumber=33174
_yKatalog online BPK